01855cam a22004457a 4500003000500000005001700005008004100022010001000063011001000073035001000083040000900093090001000102100003800112245011700150260004100267300001000308502011800318530003600436590003700472590004100509590004100550590004100591590004100632590004100673590003700714590004200751650002300793650004100816650003400857856006300891856001600954901000700970905002400977942000901001949006201010949005101072999001701123952014001140952012901280CHAP20220329142741.0030562s2003 mx r 00010 spa d a87230 a88202 a98747 cCHAP aTesis00aCarrillo Ruvalcaba, Cesar.91953410aComparación de modelos matemáticos para ajustar curvas de lactancia en cabrasc/por Cesar Carrillo Ruvalcaba aChapingo, Méx. :bEl autor,c2003. a42 h. aTesis (Ing. Agr. Esp. en Zootecnia) -- UACH. Departamneto de Enseñanza, Investigación y Servicio en Zootecnia aTambién disponible en línea aALEPHb10c20130110lUCH01h1453 aBATCH-UPDb10c20130110lUCH01h0804 aBATCH-UPDb10c20130410lUCH01h0443 aBATCH-UPDb10c20130914lUCH01h0852 aBATCH-UPDb10c20140324lUCH01h1438 aBATCH-UPDb10c20141002lUCH01h0818 aBATCHb00c20181121lUCH01h0759 aCONVERSIONb10c20130109lUCH01h134814aEcuaciones.93530414aLeche de cabraxProducción.96542714aModelos matemáticos.976419 3Finding aiduhttp://10.13.5.2/tesis/98747.pdfzTeclea aqui a1 n0001350 aBK aMayto Villalobos S. cFOLL aTesisbBCcTESd33724000916870eTS2fc.2h40869i98747sb aTesisbBCcTESd98747123eTS1h40868i98747sb c87230d87230 00102local4053708TESISaBCbBCcPA_TESISd2019-12-31fTESISl0oTesisp33724000916870r2019-12-31 00:00:00tc.2w2019-12-31yTESIS 00102local4051708TESISaBCbBCcPA_TESISd2019-12-31fTESISl0oTesisp98747123r2019-12-31 00:00:00w2019-12-31yTESIS